| 000 | 01279nam a2200409 i 4500 | ||
|---|---|---|---|
| 001 | 9685 | ||
| 003 | KOSZ 005 | ||
| 005 | 20210831115806.0 | ||
| 008 | 000614s1978 pl a |000 0 pol | ||
| 015 | _aPB 1979/3788 | ||
| 035 | _a(PL-WaBN)b13790195-48omnis_nlop | ||
| 035 | _ab13790195 | ||
| 035 | _a(OCoLC)864131226 | ||
| 035 | _a(PL)b0000013790195 | ||
| 040 |
_aWA N _cWA N _dKOSZ 005/HR |
||
| 041 | 0 | _apol | |
| 046 | _k1978 | ||
| 080 | _a658.3 | ||
| 080 | _a331.108 | ||
| 080 | _a005.95/.96 | ||
| 100 | 1 |
_aNadolski, Julian _eAutor |
|
| 245 | 1 | 0 |
_aJak dobierać pracowników / _cJulian Nadolski. |
| 260 |
_aWarszawa : _bInstytut Wydawniczy CRZZ [Centralnej Rady Związków Zawodowych], _c1978. |
||
| 300 |
_a253, [3] s. : _btab. ; _c20 cm. |
||
| 336 |
_2rdacontent _aTekst _btxt |
||
| 337 |
_2rdamedia _aBez urządzenia pośredniczącego _bn |
||
| 338 |
_2rdacarrier _aWolumin _bnc |
||
| 380 | _aKsiążki | ||
| 388 | _a1901-2000 | ||
| 650 | 7 | _aZarządzanie zasobami ludzkimi (HRM) | |
| 658 | _aZarządzanie i marketing | ||
| 650 | 7 |
_aKadry _2DBN |
|
| 650 | 7 | _aAdministracja | |
| 856 |
_uhttp://koha.tu.koszalin.pl/cgi-bin/koha/opac-detail.pl?biblionumber=9685 _yKatalog online BPK |
||
| 942 |
_2UKD _cKS |
||
| 999 |
_c9685 _d9685 |
||